000
00316nam a2200133Ia 4500
005
20251222155058.0
008
251222s9999||||xx |||||||||||||| ||spa||
082
_a
LEN. 29
100
_a
SILVINO José.
245
0
_a
Dinámica de Grupo y Relaciones Humanas
250
_a
2da. ed.
264
_b
Vozes
942
_c
LIB
999
_c
37573
_d
37573